Appraisal, risk and uncertainty (Record no. 103250)

MARC details
000 -LEADER
fixed length control field 01654cam a2200265 4500
008 - FIXED-LENGTH DATA ELEMENTS--GENERAL INFORMATION
fixed length control field 031209n2003 000 0 eng u
020 ## - INTERNATIONAL STANDARD BOOK NUMBER
International Standard Book Number 0727731858
035 ## - SYSTEM CONTROL NUMBER
System control number (Sirsi) u124578
041 ## - LANGUAGE CODE
Language code of text/sound track or separate title eng
050 ## - LIBRARY OF CONGRESS CALL NUMBER
Classification number 658.404
-- 18
100 ## - MAIN ENTRY--PERSONAL NAME
Personal name Smith, Nigel J.
245 ## - TITLE STATEMENT
Title Appraisal, risk and uncertainty
260 ## - PUBLICATION, DISTRIBUTION, ETC.
Place of publication, distribution, etc. London
Name of publisher, distributor, etc. Thomas Telford
Date of publication, distribution, etc. 2003
300 ## - PHYSICAL DESCRIPTION
Extent xiii, 132p.
Dimensions 24cm
350 ## - PRICE (NR) (BK AM CF MU VM SE) [OBSOLETE]
Price 30
490 ## - SERIES STATEMENT
Series statement Thomas Telford Construction Management Series
520 ## - SUMMARY, ETC.
Summary, etc. The construction sector is coming under increasing pressure from clients demanding improved project performance as well as eliminating waste and errors from projects. The construction sector, therefore needs to acquire a greater understanding of practical project risk management. The increasing complexity of collaborative procurement methods and project financing, as well as existing problems in managing inherently risky projects to specification, on time and within budget, requires construction professionals to have a clear understanding not only of risk but also the wider implications of appraisal and uncertainty management. This book covers the basic terminology and the underpinning theory of risk management, the Institution of Civil Engineers and Faculty of Actuaries RAMP methodology, corporate risk, the Turnbull report and uncertainty management. Intended as a guide, it also includes bibliographies for further reading.
650 ## - SUBJECT ADDED ENTRY--TOPICAL TERM
Topical term or geographic name entry element CONSTRUCTION SECTOR
650 ## - SUBJECT ADDED ENTRY--TOPICAL TERM
Topical term or geographic name entry element MANAGEMENT-PROJECT MANAGEMENT
650 ## - SUBJECT ADDED ENTRY--TOPICAL TERM
Topical term or geographic name entry element RISK MANAGEMENT
650 ## - SUBJECT ADDED ENTRY--TOPICAL TERM
Topical term or geographic name entry element UNCERTAINTY
650 ## - SUBJECT ADDED ENTRY--TOPICAL TERM
Topical term or geographic name entry element RISK ASSESSMENT
690 ## - LOCAL SUBJECT ADDED ENTRY--TOPICAL TERM (OCLC, RLIN)
Topical term or geographic name as entry element BUILDING AND CONSTRUCTION-PROJECTS
942 ## - ADDED ENTRY ELEMENTS (KOHA)
Suppress in OPAC 0
Holdings
Withdrawn status Lost status Source of classification or shelving scheme Damaged status Not for loan Home library Current library Shelving location Date acquired Cost, normal purchase price Total Checkouts Full call number Barcode Date last seen Date last checked out Copy number Cost, replacement price Price effective from Koha item type
    Dewey Decimal Classification     London London Books 12/07/2007 26.98 9 658.404 SMI 30074006 06/08/2019 28/05/2009 2 26.98 06/08/2019 Book